Central Library OPAC University of Rajshahi

Methods of regional analysis : (Record no. 3341)

MARC details
000 -LEADER
fixed length control field 00855cam a2200253I 4500
001 - CONTROL NUMBER
control field 3341
003 - CONTROL NUMBER IDENTIFIER
rucl marc code BD-RjUL
005 - DATE AND TIME OF LATEST TRANSACTION
control field 20211208233720.0
008 - FIXED-LENGTH DATA ELEMENTS--GENERAL INFORMATION
fixed length control field 131218s19731960maua b 00110 eng
035 ## - SYSTEM CONTROL NUMBER
System control number (BD-RjUL)3375
040 ## - CATALOGING SOURCE
Original cataloging agency DLC
Transcribing agency WSU
Modifying agency OCL
-- SER
-- m.c.
-- BOS
-- BD-RjUL
Language of cataloging eng
041 ## - LANGUAGE CODE
Language code of text/sound track or separate title eng
082 ## - DEWEY DECIMAL CLASSIFICATION NUMBER
Author mark and year ISM 1973
Edition number 19
Classification number 338.6042
090 ## - LOCALLY ASSIGNED LC-TYPE CALL NUMBER (OCLC); LOCAL CALL NUMBER (OCLC)
Classification number (OCLC) (R) ; Classification number, CALL (RLIN) (NR) HD58
Local cutter number (OCLC) ; Book number/undivided call number, CALL (RLIN) F60
100 1# - MAIN ENTRY--PERSONAL NAME
Personal name Isard, Walter.
9 (RLIN) 6369
245 10 - TITLE STATEMENT
Title Methods of regional analysis :
Remainder of title an introduction to regional science /
Statement of responsibility, etc. by Walter Isard in association with David F. Bramhall [and others.
260 ## - PUBLICATION, DISTRIBUTION, ETC. (IMPRINT)
Place of publication, distribution, etc. Cambridge :
Name of publisher, distributor, etc. Massachusetts Institute of Technology,
Date of publication, distribution, etc. c1960 [Reprint 1973].
300 ## - PHYSICAL DESCRIPTION
Pagination 784 p. :
Illustrations illus. ;
Size 24 cm.
490 0# - SERIES STATEMENT
Series statement Regional science studies.
504 ## - BIBLIOGRAPHY, ETC. NOTE
Bibliography, etc Includes Index & bibliography.
650 #0 - SUBJECT ADDED ENTRY--TOPICAL TERM
Topical term or geographic name as entry element Industrial location.
9 (RLIN) 10509
942 ## - ADDED ENTRY ELEMENTS (KOHA)
Source of classification or shelving scheme Dewey Decimal Classification
Koha item type Books
Holdings
Lost status Source of classification or shelving scheme Damaged status Not for loan Collection code Permanent Location Current Location Shelving location Date acquired Source of acquisition Cost, normal purchase price Total Checkouts Full call number Date last seen Copy number Koha item type
  Dewey Decimal Classification     Non-fiction Central Library, University of Rajshahi Central Library, University of Rajshahi   11/05/1977 W. Heffers & sons. 8.50   338.6042 ISM 1973 18/12/2013 C-5 Books
  Dewey Decimal Classification     Non-fiction Central Library, University of Rajshahi Central Library, University of Rajshahi   18/10/1962 Zitlinger 72.00   338.6042 ISM 1960 18/12/2013 C-2 Books
  Dewey Decimal Classification     Non-fiction Central Library, University of Rajshahi Central Library, University of Rajshahi   11/05/1977 W. Heffer and Sons. 8.50   338.6042 ISM 1973 06/01/2014 C-4 Books
  Dewey Decimal Classification     Non-fiction Central Library, University of Rajshahi Central Library, University of Rajshahi   11/05/1977 W.Helfen and Son 8.50   338.6042 ISM 1973 26/02/2014 C-3 Books